Devine les logos par images - Statistiques

Statistiques générales
  • Ce quiz a été pris 1 026 fois
  • Le résultat moyen est 15 sur 16
Statistiques - réponses
Par images Réponse % Correct
Pepsi
100%
Adidas
99%
Amazon
99%
Google
99%
KFC
99%
Lego
99%
Monster
98%
Spotify
98%
BMW
97%
Evian
97%
Playstation
97%
Doritos
96%
Gucci
88%
Rolex
87%
Nerf
78%
Umbro
67%
Aucun quiz correspondant
Distribution des résultats
% des personnes avec chaque résultat
Percentile par nombre de réponses
Votre historique - résultats
Vous n’avez pas pris ce quiz